01624cam a22003857a 4500003000500000005001700005008004100022010001000063011001000073035001000083040000900093090001000102100004300112245014400155260004100299300002200340502007000362590003700432590004100469590004100510590004100551590004100592590004200633650005600675650003800731650003200769901000700801905002600808942000900834949006200843949004900905999001700954952014000971952012701111CHAP20220329142644.0010920d2001 mx r 00110 spa d a86059 a87031 a97572 cCHAP aTesis00aRamírez González, Zaferino.99403410aEficiencias de aplicación del riego en el módulo 10 del Distrito de Riego 097 "Lázaro Cárdenas"c/por Zeferino Ramírez González aChapingo, Méx. :bEl autor,c2002. a129 h. ;b+ plano aTesis (Ing. en Irrigación) --UACH. Departamento de Irrigación aALEPHb10c20130110lUCH01h1447 aBATCH-UPDb10c20130110lUCH01h0309 aBATCH-UPDb10c20130110lUCH01h1613 aBATCH-UPDb10c20130409lUCH01h2341 aBATCH-UPDb10c20130914lUCH01h1208 aCONVERSIONb10c20130109lUCH01h134814aDistrito de Riego Lázaro Cárdenas, Mich.93290214aIrrigaciónxMichoacán.96043014aRiego de superficie.997372 aBK aAlejandra Carrasco M. cFOLL aTesisbBCcTESd33724000875191eTS2fc.2h39662i97572sb aTesisbBCcTESd975721eTS1h39661i97572sb c86059d86059 00102local4053708TESISaBCbBCcPA_TESISd2019-12-31fTESISl0oTesisp33724000875191r2019-12-31 00:00:00tc.2w2019-12-31yTESIS 00102local4051708TESISaBCbBCcPA_TESISd2019-12-31fTESISl0oTesisp975721r2019-12-31 00:00:00w2019-12-31yTESIS